Statistiques concernant 60 millionnaires et milliardaires de fiction

Cliquez ici pour prendre le quiz!

Statistiques générales

  • Ce quiz a été pris 96 fois
  • Le résultat moyen est 5 sur 60

Statistiques - réponses

Indice 1Indice 2Prénom et Nom% Correct
BDOncleBalthazar Picsou
77%
CinémaGothamBruce Wayne
60%
CinémaSuper hérosTony Stark
49%
CinémaCours !Forrest Gump
37%
LittératureCapitaine du NautilusNemo
33%
BDCapitaineArchibald Haddock
27%
Jeu vidéoPilleur de tombeLara Croft
24%
BDCanard sans scrupulesArchibald Gripsou
19%
LittératureMagnifiqueJay Gatsby
17%
BDProfesseurCharles Xavier
16%
LittératurePas si misérableJean Valjean
16%
JeuMoustachuMonopoly
16%
LittératureSulfureuxChristian Grey
15%
BDOrphelinLargo Winch
13%
BDComme son nom l'indiqueRichie Rich
12%
LittératureCastle RocTywin Lannister
12%
BDDonaldvilleCrésus Flairsou
10%
LittératurePoquelinHarpagon
9%
CinémaItalo-américainMichael Corleone
9%
TélévisionRessuscité !Bobby Ewing
6%
TélévisionPDG TexanJohn Ross Ewing
6%
Dessin animéPatronMontgomery Burns
6%
MangaCheveux bleusBulma
5%
TélévisionExploitant d'un ranch texanJock Ewing
5%
BDFlèche verteOliver Queen
5%
TélévisionNée BarnesPamela Ewing
5%
TélévisionAlcooliqueSue Ellen Ewing
5%
TélévisionChef d'entreprise GenoaVictor Newman
5%
LittératureSurdouéArtemis Fowl
3%
TélévisionJabotJohn Abbott
3%
BDGrecRoberto Rastapopoulos
3%
CinémaSacré citoyenCharles Foster Kane
2%
BDReine blancheEmma Frost
2%
TélévisionEntomologisteJack Hodgins
2%
CinémaImaginaireSmaug
2%
Dessin animéRousseDaphne Blake
1%
CinémaTraderGordon Gekko
1%
BDMagnetoMax Eisenhardt
1%
BDDocteurVictor von Fatalis
1%
TélévisionAncien acteurAaron Echolls
0%
Dessin animéCambrioleurArpène Lucien
0%
Cinémaun amourArthur Bach
0%
CinémaObsédé par l'orAuric Goldfinger
0%
CinémaNé en 1640Carlisle Cullen
0%
LittératureBad boyCharles Bass
0%
TélévisionGénoaColin Atkinson
0%
LittératureIfEdmond Dantès
0%
BDChasseur de vampiresFrank Drake
0%
LittératureBanquier alsacienFrédéric de Nucingen
0%
TélévisionMannequinJackie Cook
0%
LittératureThe Grey SealJimmie Dale
0%
TélévisionMédecinJohn Carter
0%
LittératureBanquierJullian Danglars
0%
MangaSans émotionKazuo Kiriyama
0%
TélévisionLadyMary Crawley
0%
BDMonsieur MingOmbre jaune
0%
BDNé au XIVe siècleRa's al Ghul
0%
TélévisionNeptuneRichard Casablancas
0%
TélévisionEcrivain invisibleRobin Masters
0%
TélévisionSuicidaireWalden Schmidt
0%

Distribution des résultats

Percentile par nombre de réponses

% des personnes avec chaque résultat

Votre développement - résultats

Vous n’avez pas pris ce quiz